Les pays les plus puissants sur HOI4 - Statistiques

Statistiques générales
  • Ce quiz a été pris 86 fois
  • Le résultat moyen est 8 sur 8
Statistiques - réponses
Hint Réponse % Correct
4e France
100%
2e Etats-Unis
99%
1er Allemagne
97%
6e Royaume-Uni
97%
5e Italie
96%
7e Japon
96%
8e Chine
95%
3e URSS
82%
Aucun quiz correspondant
Distribution des résultats
% des personnes avec chaque résultat
Percentile par nombre de réponses
Votre historique - résultats
Vous n’avez pas pris ce quiz